| 000 | 00979nas a2200337 4500 | ||
|---|---|---|---|
| 001 | BR2012007372 | ||
| 003 | BR-BrBNA | ||
| 005 | 20231205121318.0 | ||
| 007 | ta | ||
| 008 | 230509b bl.|||p| |||| 00| 00por d | ||
| 040 |
_aBR-BrBNA _bpor _cBiblioteca Nacional de Agricultura |
||
| 041 | _a(Pt) | ||
| 072 | _aL02 | ||
| 100 | 1 | _aPellegrin, A.C.R.S. de | |
| 100 | 1 | _aPires, C.C. | |
| 100 | 1 | _aCarvalho, S. | |
| 100 | 1 | _aPacheco, P.S. | |
| 100 | 1 | _aPelegrini, L.F.V. de | |
| 100 | 1 | _aGriebler, L. | |
| 100 | 1 | _aVenturini, R.S. | |
| 245 | 1 | _aGlicerina bruta no suplemento para cordeiros lactentes em pastejo de azevém | |
| 650 | _aCORDEIRO | ||
| 650 | _aGLICERINA | ||
| 650 | _aSUPLEMENTO ALIMENTAR | ||
| 650 | _aAZEVÉM | ||
| 650 | _aPASTEJO | ||
| 650 | _aCOMPOSIÇÃO DE ALIMENTO | ||
| 773 | 0 |
_tCiência Rural (Brazil) _xISSN 0103-8478 _g(Aug 2012), v. 42(8) p. 1477-1482 _wBR2012007372 |
|
| 909 |
_a202311 _bLúcia _c55 _dLúcia Elande |
||
| 942 |
_2AGRIS _n0 _cANA |
||
| 999 |
_c222884 _d222884 |
||